|
|
|
|
| LEADER |
00000nam a2200000 a 4500 |
| 001 |
vtls010480518 |
| 003 |
SK-MaSNL |
| 005 |
20260301133017.0 |
| 008 |
160610 a 000 0 slo |
| 015 |
|
|
|a SNBA2013
|
| 020 |
|
|
|a 9788081380266
|
| 035 |
|
|
|a 5E8139D6-9782-4B07-B9E4-821DC29AE4FB
|
| 035 |
|
|
|a urn:nbn:sk:snk-amlesd
|
| 035 |
|
|
|a urn:nbn:sk:snk-am008ysj
|
| 040 |
|
|
|a SNK
|b slo
|c SNK
|e AACR2
|
| 041 |
1 |
|
|a slo
|h [spa]
|
| 044 |
|
|
|a xo
|c SK
|
| 072 |
|
7 |
|a 821-1/-8
|x Literatúra rôznych foriem a žánrov
|2 konspekt
|
| 072 |
|
7 |
|a 821-93
|x Literatúra pre deti a mládež (beletria)
|2 konspekt
|
| 080 |
|
|
|a 821-34
|2 2001
|
| 080 |
|
|
|a 821-93
|2 2001
|
| 245 |
1 |
0 |
|a Rozprávky pred spaním
|c [preklad Ľubica Jakušová, ilustrácie Juan Vernet]
|
| 260 |
|
|
|a Bratislava
|b Viktoria Print
|c [2012]
|
| 300 |
|
|
|a 253 s.
|b ilustr.
|c 23 cm
|
| 500 |
|
|
|a Preložené pravdepodobne zo španielčiny. Rozlož. tit. strana
|
| 655 |
|
7 |
|a rozprávky
|2 SNKPH
|9 70597
|
| 655 |
|
7 |
|a publikácie pre deti
|2 SNKPH
|9 70148
|
| 655 |
|
7 |
|a Fairy tales
|2 SNKPHeng
|9 265887
|
| 655 |
|
7 |
|a Children's literature
|2 SNKPHeng
|9 276039
|
| 700 |
1 |
|
|a Jakušová, Ľubica,
|d 1958-
|4 trl
|9 201180
|
| 700 |
1 |
|
|a Vernet, Juan
|4 ill
|9 170009
|
| 919 |
|
|
|a 978-80-8138-026-6
|
| 958 |
|
|
|a LX
|
| 958 |
|
|
|a DB
|
| 958 |
|
|
|a UP
|
| 968 |
|
|
|b ESP
|
| 999 |
|
|
|c 752561
|d 754491
|
| 952 |
|
|
|a SNK
|b SNK
|y PREZ
|7 0
|p 17A1059531
|o snkSC 152546
|i snk2013/209
|8 0
|0 0
|1 0
|4 0
|d 2013-01-04
|f 1
|l 0
|r 2025-07-23 00:00:00
|w 2026-02-23
|
| 952 |
|
|
|a SNK
|b SNK
|y VYP
|7 0
|p 17A1059530
|o snkSC 152546 D1
|i snk2013/210
|8 0
|0 0
|1 0
|4 0
|d 2013-01-04
|l 0
|r 2026-02-23 23:37:34
|w 2026-02-23
|